000 004150000a22001690004500
003 MACL
005 20150708113629.0
008 150708b xxu||||| |||| 00| 0 eng d
040 _aMACL
_cmacl
082 _a080
100 _aGanguly, Sunil
_91353
245 _aGroup Discussion And Interview
260 _aDelhi
_bArise Publishers
_c2011
350 _a700
650 _aGeneralities
_91354
942 _cBK
_k080
_2ddc
999 _c45306
_d45306